logo

Bir Sreshtho Munshi Abdur Rouf Library
Jhenaidah Cadet College

Quran Meaning in English / (Record no. 6104)

MARC details
000 -LEADER
fixed length control field 00525nam a2200205 a 4500
001 - CONTROL NUMBER
JCCL Control Number 6104
003 - CONTROL NUMBER IDENTIFIER
JCCL marc code BD-JhCC
005 - DATE AND TIME OF LATEST TRANSACTION
control field 20180101193630.0
008 - FIXED-LENGTH DATA ELEMENTS--GENERAL INFORMATION
fixed length control field 180101s2011 bg |||| |||| 000 0 eng d
035 ## - SYSTEM CONTROL NUMBER
system control number (BD-JhCC)
040 ## - CATALOGING SOURCE
Original cataloging agency BD-JhCC
Modifying agency BD-JhCC
041 ## - LANGUAGE CODE
Language code of Book eng
082 ## - DEWEY DECIMAL CLASSIFICATION NUMBER
Classification number 297.1226
Author mark and Year BHU 2011
100 ## - MAIN ENTRY--PERSONAL NAME
Personal name Bhuiyan, Shamsur Rahman
245 ## - TITLE STATEMENT
Title Quran Meaning in English /
Statement of responsibility, etc Shamsur Rahman Bhuiyan
260 ## - PUBLICATION, DISTRIBUTION, ETC. (IMPRINT)
Place of publication, distribution, etc Dhaka :
Name of publisher, distributor, etc Purabi Offset Press;
Date of publication, distribution, etc 2011
300 ## - PHYSICAL DESCRIPTION
Pagination 426 p,;
Dimensions 22 cm
650 ## - SUBJECT ADDED ENTRY--TOPICAL TERM
Topical term or geographic name as entry element Al-Quran
942 ## - ADDED ENTRY ELEMENTS (KOHA)
Source of classification or shelving scheme Dewey Decimal Classification
Koha item type Books
Holdings
Source of classification or shelving scheme Damaged status Not for loan Home library Current library Shelving location Date of accession Total Checkouts Full call number Barcode Date last seen Copy number Koha item type Date checked out
Dewey Decimal Classification     JCC Rouf Library JCC Rouf Library General Stacks 01/01/2018   297.1226 BHU 2011 645 01/01/2018 C-1 Books  
Dewey Decimal Classification     JCC Rouf Library JCC Rouf Library General Stacks 01/28/2018 1 297.1226 BHU 2011 8933 09/02/2025 C-1 Books 09/01/2025

JCC Library | Contacts | JCC Home

Last Update on 23 September 2017
Copyright @ 2017-2020 JCC Rouf Library
Rouf Library, Jhenidah Cadet College (JCC), Bangladesh